00769nam a22002414a 450000500170000000800410001701000140005802000260007202000230009803500130012103700150013404000180014908200120016724500610017926000460024027000640028630000430035049000270039350000410042052000260046165000240048770000160051120090619143540.0070416s2007 ii ab bf 000 0 eng  aENG-94126 a9780198062516c345.00 a0198062516c345.00 aEN-77659 bDBAD / PUB adplbEnglish  a630.954 aHandbook of agriculture in India /cedited by Shovan Ray aNew Delhi bOxford University Pressc2009 aYMCA Library Building, Jai Singh Road, bNew Delhi e110001 axv, 231 p. :bill., maps ;c25cm(pbk)  aOxford India handbooks aIncludes bibliographical references. aContributed articles. aAgriculturezIndia. aRay, Shovan